Normal view MARC view

Entry Personal Name

Number of records used in: 2

001 - CONTROL NUMBER

  • control field: 27781

003 - CONTROL NUMBER IDENTIFIER

  • control field: OSt

005 - DATE AND TIME OF LATEST TRANSACTION

  • control field: 20260609102149.0

008 - FIXED-LENGTH DATA ELEMENTS

  • fixed length control field: 260609|| aca||aabn | a|a d

040 ## - CATALOGING SOURCE

  • Original cataloging agency: OSt
  • Transcribing agency: OSt

100 ## - HEADING--PERSONAL NAME

  • Personal name: Suldo Shannon M

670 ## - SOURCE DATA FOUND

  • Source citation: Work cat.: (OSt)23584: Suldo Shannon M., Promoting Student Happiness: Positive Psychology Interventions in Schools, 2016

Powered by Koha